| 000 | 00413nam a2200169Ia 4500 | ||
|---|---|---|---|
| 008 | 140306s9999 xx 000 0 und d | ||
| 020 | _a590411969 | ||
| 050 |
_aPZ 7 _b.K91Is 1955 |
||
| 100 | _aKrauss, Ruth | ||
| 245 |
_aIs this you? / _cRuth Krauss |
||
| 260 |
_aUSA : _bScholastic Inc, _cc1955. |
||
| 300 |
_a30 p. : _bcol. Ill. ; _c18 cm. |
||
| 521 | _aG1 | ||
| 526 | _cBR | ||
| 942 | _cBK | ||
| 999 |
_c42880 _d42880 |
||